Globe Asia. (رقم التسجيلة. 137080)
[ عرض عادي ]
| 000 -LEADER | |
|---|---|
| fixed length control field | 00863cas a2200301 a 4500 |
| 003 - EG-GICUS | |
| control field | OSt |
| 005 - DATE AND TIME OF LATEST TRANSACTION | |
| control field | 20241026150044.0 |
| 008 - FIXED-LENGTH DATA ELEMENTS--GENERAL INFORMATION | |
| fixed length control field | 070206c20079999io mr p 0 0eng |
| 022 ## - INTERNATIONAL STANDARD SERIAL NUMBER | |
| International Standard Serial Number | 1978-0559 |
| 040 ## - CATALOGING SOURCE | |
| Original cataloging agency | DLC |
| Transcribing agency | DLC |
| Modifying agency | DLC |
| -- | MH |
| -- | DLC |
| -- | WaU |
| -- | OCoLC |
| -- | MH |
| 043 ## - GEOGRAPHIC AREA CODE | |
| Geographic area code | a-io--- |
| 092 04 - LOCALLY ASSIGNED DEWEY CALL NUMBER (OCLC) | |
| Classification number | 382.09159805 |
| Item number | G5626 |
| Edition number | 21 |
| 099 ## - LOCAL FREE-TEXT CALL NUMBER (OCLC) | |
| Classification number | 382.09159805 G5626 |
| 222 #0 - KEY TITLE | |
| Key title | Globe Asia (Jakarta) |
| 245 00 - TITLE STATEMENT | |
| Title | Globe Asia. |
| 246 3# - VARYING FORM OF TITLE | |
| Title proper/short title | GlobeAsia |
| 300 ## - PHYSICAL DESCRIPTION | |
| Extent | VOLUME. : |
| Other physical details | ILLUSTRATION. ; |
| Dimensions | 27 cm. |
| 310 ## - CURRENT PUBLICATION FREQUENCY | |
| Current publication frequency | |
| 362 0# - DATES OF PUBLICATION AND/OR SEQUENTIAL DESIGNATION | |
| Dates of publication and/or sequential designation | Feb. 2007- |
| 500 ## - GENERAL NOTE | |
| General note | Title from cover. |
| 541 ## - IMMEDIATE SOURCE OF ACQUISITION NOTE | |
| Source of acquisition | |
| Date of acquisition | 2014-01-01 |
| 541 ## - IMMEDIATE SOURCE OF ACQUISITION NOTE | |
| Source of acquisition | |
| Date of acquisition | 2014-01-01 |
| 651 #0 - SUBJECT ADDED ENTRY--GEOGRAPHIC NAME | |
| Geographic name | egypt |
| General subdivision | Commerce |
| 651 #0 - SUBJECT ADDED ENTRY--GEOGRAPHIC NAME | |
| Geographic name | Indonesia |
| General subdivision | Commerce |
| Form subdivision | Periodicals. |
| 905 ## - LOCAL DATA ELEMENT E, LDE (RLIN) | |
| Cataloger | Suzan |
| Reviser | |
| 905 ## - LOCAL DATA ELEMENT E, LDE (RLIN) | |
| Reviser | |
| 942 ## - ADDED ENTRY ELEMENTS (KOHA) | |
| Suppress in OPAC | No |
| Koha item type | |
| 999 ## - | |
| -- | 137080 |
| -- | 137080 |
| Full call number | Home library | Current library | Source of classification or shelving scheme | Koha item type | Inventory number |
|---|---|---|---|---|---|
| 382.09159805 G5626 | المكتبة المركزبة الجديدة - جامعة القاهرة | قاعة الثقاقات الاجنبية - الدور الثالث | Dewey Decimal Classification | Continuing Resources | 13228420 |